This crooked way (Record no. 78345)

MARC details
000 -LEADER
fixed length control field 00534nam a2200193Ia 4500
008 - FIXED-LENGTH DATA ELEMENTS--GENERAL INFORMATION
fixed length control field 191130s2009##################000#0#eng##
020 ## - INTERNATIONAL STANDARD BOOK NUMBER
ISBN 9781591027843
082 ## - DEWEY DECIMAL CLASSIFICATION NUMBER
Classification number 813.6 ENG
100 ## - MAIN ENTRY--AUTHOR NAME
Personal name Enge, James
245 ## - TITLE STATEMENT
Title This crooked way
Statement of responsibility, etc James Enge
260 ## - PUBLICATION, DISTRIBUTION, ETC. (IMPRINT)
Place of publication Amherst, NY
Name of publisher Pyr
Year of publication 2009
300 ## - PHYSICAL DESCRIPTION
Number of Pages 413 p. : ill., map ; 23 cm
650 ## - SUBJECT ADDED ENTRY--TOPICAL TERM
Topical Term Ambrosius, Morlock (Fictitious character) - Fiction
991 ## -
-- 351455
Holdings
Withdrawn status Lost status Damaged status Not for loan Home library Current library Date acquired Full call number Accession Number Price effective from Koha item type
        Anna Centenary Library Anna Centenary Library 09.10.2020 813.6 ENG 426769 09.10.2020 English Books

Find us on the map